I tesori di S. Tommaso (Record n. 14645)
[ formato base ]
| 000 -LEADER | |
|---|---|
| fixed length control field | 00415nam a2200193Ia 4500 |
| 003 - CONTROL NUMBER IDENTIFIER | |
| control field | IT-RoPAU |
| 005 - DATE AND TIME OF LATEST TRANSACTION | |
| control field | 20220918175502.0 |
| 008 - FIXED-LENGTH DATA ELEMENTS--GENERAL INFORMATION | |
| fixed length control field | 120407s9999 xx 000 0 und d |
| 040 ## - CATALOGING SOURCE | |
| Original cataloging agency | IT-RoPAU |
| 040 ## - CATALOGING SOURCE | |
| Transcribing agency | IT-RoPAU |
| 041 ## - LANGUAGE CODE | |
| Language code of text/sound track or separate title | ita |
| 100 ## - MAIN ENTRY--PERSONAL NAME | |
| Personal name | Giacomo Bertetti |
| 9 (RLIN) | 34655 |
| 100 ## - MAIN ENTRY--PERSONAL NAME | |
| Titles and words associated with a name | sac. |
| 9 (RLIN) | 24962 |
| 245 ## - TITLE STATEMENT | |
| Title | I tesori di S. Tommaso |
| 300 ## - PHYSICAL DESCRIPTION | |
| Dimensions | cm |
| 490 ## - SERIES STATEMENT | |
| Volume/sequential designation | 1 |
| 942 ## - ADDED ENTRY ELEMENTS (KOHA) | |
| Koha item type | LIBRO |
| Source of classification or shelving scheme | Dewey Decimal Classification |
| Withdrawn status | Lost status | Source of classification or shelving scheme | Damaged status | Not for loan | Home library | Current library | Date acquired | Total Checkouts | Full call number | Date last seen | Price effective from | Koha item type | Public note |
|---|---|---|---|---|---|---|---|---|---|---|---|---|---|
| Dewey Decimal Classification | Buone Condizioni | Not For Loan | PAULUS-BIBLIOTECA | PAULUS-BIBLIOTECA | 11/04/2012 | 23.5.10 | 11/04/2012 | 11/04/2012 | LIBRO | Inserito da: Sergio In data: 08 ottobre 2011 fondo: FANELLA Progr:11572 |